| 000 | 00000nam 2200000za 4500 |
| 001 | 9.852007 |
| 003 | CaOODSP |
| 005 | 20221107154504 |
| 007 | cr ||||||||||| |
| 008 | 180219s2010 onc ob f000 0 fre d |
| 020 | |a978-0-660-20342-3 |
| 040 | |aCaOODSP|bfre |
| 043 | |an-cn--- |
| 086 | 1 |aBT48-15/2010F-PDF |
| 110 | 1 |aCanada. |bConseil du trésor. |
| 245 | 10|aNorme pour les systèmes de gestion électronique des documents et des dossiers (SGEDD) |h[ressource électronique]. |
| 260 | |aOttawa : |bSecrétariat du conseil du Trésor du Canada, |c2010. |
| 300 | |a[6] p. |
| 500 | |aPubl. aussi en anglais sous le titre : Standard for electronic documents and records management solutions (EDRMS). |
| 500 | |aTitre de la couv. |
| 500 | |a« Publié : le 24 juin 2010. » |
| 500 | |aPubl. aussi en format HTML. |
| 504 | |aComprend des références bibliographiques. |
| 520 | 0 |a« La présente Norme appuie la Politique sur la gestion de l'information et la Politique sur la gestion des technologies de l'information en décrivant les obligations en matière de gestion de l'information (GI) et de technologie de l'information (TI) du cadre supérieur responsable de la GI et du dirigeant principal de l'information (DPI) ou de son équivalent en ce qui a trait aux systèmes de gestion électronique des documents et des dossiers (GEDD) » -- Contexte, p. [3]. |
| 692 | 07|2gccst|aMinistère du gouvernement fédéral |
| 692 | 07|2gccst|aGestion de l'information |
| 692 | 07|2gccst|aTechnologie de l'information |
| 692 | 07|2gccst|aNorme |
| 775 | 08|tStandard for electronic documents and records management solutions (EDRMS) |w(CaOODSP)9.852006 |
| 794 | |tNorme pour les systèmes de gestion électronique des documents et des dossiers (SGEDD).|w(CaOODSP)9.894519 |
| 856 | 40|qPDF|s136 Ko|uhttps://publications.gc.ca/collections/collection_2018/sct-tbs/BT48-15-2010-fra.pdf |
| 856 | 4 |qHTML|sS.O.|uhttps://www.tbs-sct.gc.ca/pol/doc-fra.aspx?id=18910 |